Billie Eilish - BLUE - Statistics

General Stats
  • This quiz has been taken 264 times
  • The average score is 301 of 372
Answer Stats
Answer % Correct
blue
100%
(Blue)
100%
blue,
100%
I
100%
(I
100%
to
100%
a
99%
A
99%
but
99%
But
99%
(But
99%
I'm
99%
(I'm
99%
in
99%
In
99%
so
99%
try
98%
you
98%
You
98%
you)
98%
black
97%
live
97%
white,
97%
And
95%
and
95%
(And
95%
me
94%
me)
94%
the
93%
true
93%
true,
93%
true)
93%
we
93%
of
92%
bird
91%
not
91%
(Not
91%
over
91%
say
91%
still
91%
were
91%
feather,
90%
Birds
89%
it
89%
same
88%
though
87%
when
87%
lie,
85%
mean
85%
Mean
85%
I'd
84%
for
83%
now
83%
now,
83%
now)
83%
don't
82%
Don't
82%
(Don't
82%
that's
82%
what)
82%
what
82%
my
81%
told
81%
cage,
80%
like
80%
your
79%
born
77%
Born
77%
can
75%
father's
75%
than
75%
bluer
74%
up
74%
amour
73%
ashamed
73%
back
73%
butterfly
73%
can't
73%
door
73%
mind,
73%
Open
73%
He
72%
mon
72%
mother's
72%
thought
72%
eyes
71%
hate
71%
made
71%
oxygen
71%
with
71%
trying
70%
never
69%
blame
68%
deprived
68%
hands
68%
know
68%
reachin'
68%
about
67%
anyone
67%
Beautiful
67%
it's
66%
It's
66%
store
66%
world
66%
best,
65%
change
65%
learned
65%
save
65%
Victim
65%
what's
65%
Colder
64%
overseas
64%
plans
64%
could
63%
rule
63%
they
62%
Too
62%
too
62%
sleep
59%
hear
58%
afraid
57%
outside
57%
step
57%
sympathize
55%
three
55%
hours
54%
need)
54%
you've
54%
week
53%
petrified
52%
heard
51%
night
50%
night)
50%
Paranoid
50%
each
49%
twenty-one
49%
baby
47%
désolée
47%
only
43%
Just
42%
one?
32%
famous
30%
grew
28%
next
27%
thing
24%
(Means
23%
shameless,
4%
No matching quizzes found
Score Distribution
Percent of People with Each Score
Percentile by Number Answered
Your Score History
You have not taken this quiz